000
00207 a2200097 4500
001
2961
100
_a
Wood, E
245
_a
Exercise your spelling
260
_a
_b
Hodder & stoughton
_c
090
_c
2252
_d
2252
942
_a
NUST-CAE
_c
M
_c
13914
999
_c
238034
_d
238034